| 000 | 00335nam a2200133Ia 4500 | ||
|---|---|---|---|
| 005 | 20260328104320.0 | ||
| 008 | 260328s9999||||xx |||||||||||||| ||und|| | ||
| 100 | _aNorwich, John Julius | ||
| 245 | 0 |
_aGran Arquitectura del Mundo / _cJohn Julius Norwich |
|
| 260 | _bBlume | ||
| 300 | _a288 p. | ||
| 650 | _aARQUITECTURA | ||
| 942 | _cBK | ||
| 999 |
_c11318 _d11318 |
||